| 000 | 00534nam a22002057a 4500 | ||
|---|---|---|---|
| 001 | 2039 | ||
| 005 | 20250723122237.0 | ||
| 008 | 130225b xxu||||| |||| 00| 0 eng d | ||
| 020 | _a0618314377 | ||
| 040 |
_aBSU _cBSU |
||
| 082 |
_221 _a516 _bZOO |
||
| 100 |
_aZook, Dianna L. _92965 |
||
| 245 |
_aPrecalculus: _bstudy and solutions guide _cDianna L. Zook |
||
| 250 | _a6th ed. | ||
| 260 |
_aBoston _bHoughton Mifflin Company _c2004 |
||
| 300 |
_av, 663p.: _c28cm |
||
| 650 | _2Precalculus | ||
| 658 | _aMathematics | ||
| 942 |
_2ddc _cBK |
||
| 999 |
_c2039 _d2039 |
||